00390nam a22001457a 450000500170000000800410001702000180005804000130007608200130008910000160010224500640011826000300018230000090021265000230022120260413154146.0260413b |||||||| |||| 00| 0 eng d a9789697834129 cPK-LaNCA a193bRAH aRahim, Eric aA promethean vision: the formation of Karl Marx's worldview aFolio BooksbLahorec2020 a183p aGerman philosopher